[Event "3º Open de Lisboa "]
[Site "Altis Park Hotel - Rua Eng.º A"]
[Date "2015.08.10"]
[Round "4.18"]
[White "SOARES, Pedro José Garcia Pi"]
[Black "PIRES, Emanuel João Robarts"]
[Result "1-0"]
[WhiteElo "1657"]
[BlackElo "2133"]
[PlyCount "113"]
[EventDate "2015.08.08"]

1. d4 d5 2. Nf3 Nf6 3. c4 e6 4. Nc3 a6 5. cxd5 exd5 6. Bg5 Be7 7. e3 O-O 8. Bd3
h6 9. Bh4 Re8 10. O-O c6 11. Qc2 Nbd7 12. Bg3 Nf8 13. h3 Bd6 14. Ne5 Re7 15.
Rae1 Ne8 16. Bh2 f6 17. Nf3 Bxh2+ 18. Nxh2 Nd6 19. f3 f5 20. f4 Qe8 21. Qc1 Ne4
22. Nf3 Nd7 23. Ne5 Nxe5 24. dxe5 Qd8 25. Bxe4 fxe4 26. Rd1 Qb6 27. Na4 Qa5 28.
Nc3 b5 29. a3 Bb7 30. b4 Qb6 31. Ne2 a5 32. Nd4 axb4 33. axb4 Ra4 34. Qc5 Qxc5
35. bxc5 Re8 36. Nf5 Rb8 37. Ra1 Rc4 38. Rfc1 Rxc1+ 39. Rxc1 Kf7 40. Ra1 b4 41.
Nd4 Ke7 42. Kf2 Kd7 43. Ke1 Bc8 44. Kd2 Rb7 45. g4 Kc7 46. Kc2 b3+ 47. Kb2 Bd7
48. Ra3 Rb8 49. Rxb3 Re8 50. Rb6 Re7 51. Kc3 g5 52. e6 gxf4 53. exd7 f3 54.
d8=Q+ Kxd8 55. Nxc6+ Kd7 56. Nxe7 f2 57. Rb1 1-0

[Event "3º Open de Lisboa "]
[Site "Altis Park Hotel - Rua Eng.º A"]
[Date "2015.08.10"]
[Round "4.19"]
[White "BRANCO, Rómulo João Monteiro"]
[Black "RODRIGUES, Luis Miguel Bernard"]
[Result "0-1"]
[WhiteElo "1646"]
[BlackElo "1882"]
[PlyCount "154"]
[EventDate "2015.08.08"]

1. d4 e6 2. e4 d5 3. exd5 exd5 4. Nf3 Bg4 5. Bb5+ c6 6. Be2 Bd6 7. Ne5 Bxe2 8.
Qxe2 Ne7 9. O-O O-O 10. c4 dxc4 11. Nxc4 Bc7 12. Bg5 f6 13. Qe6+ Kh8 14. Re1
Ng6 15. Bd2 Nd7 16. Nd6 Bxd6 17. Qxd6 Nb6 18. Qxd8 Raxd8 19. Be3 Ne7 20. Nc3
Rd7 21. Ne4 Ned5 22. Nc5 Re7 23. Bd2 Rfe8 24. Rxe7 Rxe7 25. b3 Nc8 26. Re1
Rxe1+ 27. Bxe1 Nd6 28. Kf1 Kg8 29. f3 f5 30. g3 Kf7 31. Ke2 Ke7 32. Bd2 h6 33.
h3 b6 34. Nd3 Nb5 35. Ne5 Nxd4+ 36. Kd3 c5 37. b4 Ke6 38. f4 Nf6 39. bxc5 bxc5
40. Kc4 Ne4 41. Be3 Nxg3 42. Bxd4 cxd4 43. Nc6 Ne2 44. Nxa7 d3 45. Kxd3 Nxf4+
46. Ke3 Nxh3 47. Nb5 Kd5 48. Nc7+ Ke5 49. a4 f4+ 50. Kf3 Ng5+ 51. Ke2 Ne6 52.
Na6 g5 53. Nb4 Kd4 54. Na2 Kc4 55. Kf3 Nd4+ 56. Ke4 f3 57. Ke3 g4 58. Nc1 Nf5+
59. Kf2 h5 60. a5 Kb5 61. Nd3 Kxa5 62. Nf4 Ng7 63. Nd3 Kb5 64. Ne5 Kc5 65. Nxf3
gxf3 66. Kxf3 Kd5 67. Kg3 Ke4 68. Kh4 Kf4 69. Kh3 Nf5 70. Kg2 h4 71. Kh3 Kf3
72. Kh2 Kg4 73. Kg2 h3+ 74. Kf2 Ng3 75. Kg1 Ne4 76. Kh2 Nf2 77. Kg1 Kg3 0-1

[Event "3º Open de Lisboa "]
[Site "Altis Park Hotel - Rua Eng.º A"]
[Date "2015.08.10"]
[Round "4.20"]
[White "ELIAS, Ruben Joel Monteiro"]
[Black "ADÃO, David Jaime Changani"]
[Result "0-1"]
[WhiteElo "1812"]
[BlackElo "1788"]
[PlyCount "84"]
[EventDate "2015.08.08"]

1. e4 c6 2. d4 d5 3. Nc3 dxe4 4. Nxe4 Bf5 5. Ng3 Bg6 6. h4 h6 7. h5 Bh7 8. Nf3
Nd7 9. Bd3 Bxd3 10. Qxd3 Qa5+ 11. Bd2 Qc7 12. O-O-O Ngf6 13. Ne4 e6 14. Rde1
O-O-O 15. Qe2 Nxe4 16. Qxe4 Nf6 17. Qe2 Bd6 18. Ne5 Rhf8 19. f4 Qb6 20. Be3 Nd5
21. Nc4 Qc7 22. Nxd6+ Qxd6 23. Qg4 Nxe3 24. Rxe3 Qxd4 25. Rd3 Qf6 26. Rhd1 Rxd3
27. Rxd3 Rd8 28. Rxd8+ Kxd8 29. c3 Ke7 30. f5 Qg5+ 31. Qxg5+ hxg5 32. fxe6 Kxe6
33. Kd2 Kf5 34. Ke3 g4 35. g3 Ke5 36. b3 b6 37. a3 a6 38. c4 c5 39. Kd3 f6 40.
Ke3 f5 41. b4 a5 42. b5 a4 0-1

[Event "3º Open de Lisboa "]
[Site "Altis Park Hotel - Rua Eng.º A"]
[Date "2015.08.10"]
[Round "4.21"]
[White "FIDALGO, Daniel Neves"]
[Black "ENCARNAÇÃO, Filipe Alexandré D"]
[Result "1-0"]
[WhiteElo "1802"]
[BlackElo "1240"]
[PlyCount "29"]
[EventDate "2015.08.08"]

1. c4 d5 2. cxd5 Nf6 3. g3 Nxd5 4. Bg2 c6 5. Nf3 Bf5 6. d3 Nf6 7. O-O e6 8. Qb3
Qc7 9. Bf4 Qe7 10. Bg5 b6 11. e4 h6 12. Bxf6 Qxf6 13. exf5 Qxf5 14. Nd4 Qc5 15.
Qc3 1-0

[Event "3º Open de Lisboa "]
[Site "Altis Park Hotel - Rua Eng.º A"]
[Date "2015.08.10"]
[Round "4.22"]
[White "REIS, Luís De Sousa Almeid"]
[Black "ALMEIDA, Diogo António"]
[Result "1/2-1/2"]
[WhiteElo "2196"]
[BlackElo "1346"]
[PlyCount "55"]
[EventDate "2015.08.08"]

1. d4 Nf6 2. Bg5 e6 3. e4 h6 4. Bxf6 Qxf6 5. Nf3 d5 6. Nbd2 c5 7. e5 Qd8 8. c3
Nc6 9. Bb5 Qb6 10. Qb3 Bd7 11. Bxc6 bxc6 12. Qxb6 axb6 13. O-O cxd4 14. cxd4 c5
15. a3 cxd4 16. Nxd4 Bc5 17. N2f3 O-O 18. Rac1 Rfc8 19. Rfd1 b5 20. Nb3 Be7 21.
Rxc8+ Rxc8 22. Rc1 Rxc1+ 23. Nxc1 b4 24. axb4 Bxb4 25. Nd3 Be7 26. Nd4 f6 27.
f4 Kf7 28. Kf2 1/2-1/2

[Event "3º Open de Lisboa "]
[Site "Altis Park Hotel - Rua Eng.º A"]
[Date "2015.08.10"]
[Round "4.23"]
[White "FORTUNATO, António Eduardo Con"]
[Black "PINTOR, Simão Maciel Abranch"]
[Result "0-1"]
[WhiteElo "1642"]
[BlackElo "2089"]
[PlyCount "88"]
[EventDate "2015.08.08"]

1. e4 c5 2. Nf3 Nc6 3. d4 cxd4 4. Nxd4 g6 5. Be3 Nf6 6. Nc3 Bg7 7. a3 O-O 8.
Bd3 d5 9. Rb1 e5 10. Nxc6 bxc6 11. exd5 cxd5 12. Bc5 Re8 13. O-O Qc7 14. Bb4 a5
15. Nb5 Qb6 16. Bd2 e4 17. Be3 Qb8 18. Be2 Ng4 19. Bxg4 Qxb5 20. Bxc8 Raxc8 21.
c3 Qc4 22. Qd2 a4 23. Rfd1 Red8 24. Bd4 Bxd4 25. Qxd4 Rb8 26. Qxc4 dxc4 27.
Rxd8+ Rxd8 28. Kf1 Rd2 29. h3 Kg7 30. g3 f5 31. Ke1 Rd3 32. Ke2 Kf6 33. h4 Kg7
34. Rg1 Kh6 35. g4 f4 36. Rd1 g5 37. h5 Rxd1 38. Kxd1 Kg7 39. Ke2 Kf6 40. Kd2
Ke5 41. Ke2 f3+ 42. Ke3 h6 43. b4 cxb3 44. Kd2 b2 0-1

[Event "3º Open de Lisboa "]
[Site "Altis Park Hotel - Rua Eng.º A"]
[Date "2015.08.10"]
[Round "4.24"]
[White "GUERREIRO, Hélder Campos"]
[Black "PRATA, José Miguel Mendes"]
[Result "0-1"]
[WhiteElo "1495"]
[BlackElo "2003"]
[PlyCount "74"]
[EventDate "2015.08.08"]

1. e4 e6 2. d4 d5 3. Nd2 c5 4. exd5 Qxd5 5. Ngf3 cxd4 6. Bc4 Qd6 7. Nb3 Qb4+ 8.
Nbd2 Nc6 9. a3 Qb6 10. O-O Nf6 11. b4 Qc7 12. Nb3 Bd6 13. Nbxd4 Nxd4 14. Qxd4
O-O 15. Bd3 e5 16. Qh4 Re8 17. Re1 Bg4 18. Ng5 h6 19. Ne4 Nxe4 20. Bxe4 Be6 21.
Bxh6 f5 22. Qg5 fxe4 23. Rxe4 Qe7 24. Qg3 Bf5 25. Bg5 Qe6 26. Rh4 e4 27. Qe3
Be5 28. Rf1 Qd5 29. Kh1 Rac8 30. Qe2 Qc4 31. Qd1 Re6 32. f4 Rd6 33. Qc1 Bb2 34.
Qe1 e3 35. Be7 e2 36. Rf3 Rd1 37. Qxd1 exd1=Q+ 0-1

[Event "3º Open de Lisboa "]
[Site "Altis Park Hotel - Rua Eng.º A"]
[Date "2015.08.10"]
[Round "4.25"]
[White "GARCIA, António Manuel Da Co"]
[Black "LOPES, José Manuel Cidreiro"]
[Result "1-0"]
[WhiteElo "1957"]
[BlackElo "1641"]
[PlyCount "73"]
[EventDate "2015.08.08"]

1. d4 d6 2. c4 e5 3. e3 e4 4. Nc3 Nf6 5. Qc2 Qe7 6. Nge2 Bf5 7. g3 c6 8. Bg2 d5
9. cxd5 cxd5 10. Nf4 Qd7 11. Qb3 Be6 12. f3 Nc6 13. fxe4 dxe4 14. Nxe6 fxe6 15.
Nxe4 Nxe4 16. Bxe4 Bb4+ 17. Ke2 O-O 18. Bg2 Rf7 19. Bh3 Nxd4+ 20. exd4 Qb5+ 21.
Kd1 Rf2 22. Bxe6+ Kh8 23. Qc4 Qh5+ 24. g4 Qg6 25. Bf5 Qd6 26. a3 Ba5 27. b4 Bb6
28. Be3 Rf3 29. Re1 Qxh2 30. Ra2 Qg3 31. Rae2 Rd8 32. Bf2 Qb8 33. Qd5 g6 34.
Qxf3 Bxd4 35. Re8+ Rxe8 36. Bxd4+ Kg8 37. Qd5+ 1-0

[Event "3º Open de Lisboa "]
[Site "Altis Park Hotel - Rua Eng.º A"]
[Date "2015.08.10"]
[Round "4.26"]
[White "ROXO, Agostinho José Gonça"]
[Black "MOUQUINHO, José F Borralho"]
[Result "1-0"]
[WhiteElo "1882"]
[BlackElo "1510"]
[PlyCount "67"]
[EventDate "2015.08.08"]

1. c4 e5 2. Nc3 Nf6 3. e4 Bc5 4. Be2 Nc6 5. d3 a6 6. h3 Nd4 7. Nf3 d6 8. a3 a5
9. Rb1 c6 10. O-O Nxf3+ 11. Bxf3 Bd4 12. Ne2 Bb6 13. b4 O-O 14. Bg5 h6 15. Bd2
axb4 16. axb4 Nh7 17. Qc1 Qf6 18. c5 dxc5 19. bxc5 Bc7 20. Bg4 Qd8 21. Bxc8
Qxc8 22. Ng3 Rd8 23. Qc2 Ra3 24. Bc3 Ng5 25. Nf5 Kf8 26. Rfd1 Qa8 27. Qb2 Qa6
28. Bxe5 Bxe5 29. Qxe5 Ne6 30. Nd6 Rxd3 31. Rxd3 Qxd3 32. Rxb7 Qd1+ 33. Kh2
Rxd6 34. cxd6 1-0

[Event "3º Open de Lisboa "]
[Site "Altis Park Hotel - Rua Eng.º A"]
[Date "2015.08.10"]
[Round "4.27"]
[White "JÚLIO, André Alexandre Mira"]
[Black "BRAVO, António José Vieira"]
[Result "1/2-1/2"]
[WhiteElo "1521"]
[BlackElo "1835"]
[PlyCount "64"]
[EventDate "2015.08.08"]

1. e4 e5 2. Nc3 Nc6 3. f4 d6 4. Nf3 Nf6 5. Bb5 Bd7 6. d3 exf4 7. Bxf4 Be7 8.
O-O O-O 9. d4 Bg4 10. Be2 a6 11. d5 Bxf3 12. Bxf3 Ne5 13. Qd4 Nfd7 14. Ne2 Bf6
15. Qb4 a5 16. Qe1 Nc4 17. Rb1 Bxb2 18. Rxb2 Nxb2 19. Qg3 Qf6 20. Bg5 Qe5 21.
Nf4 f6 22. Bh6 Rf7 23. Bh5 Raf8 24. Qg4 f5 25. Bxf7+ Rxf7 26. Qg5 Qf6 27. exf5
Qxg5 28. Bxg5 Rxf5 29. Ne6 Rxf1+ 30. Kxf1 c6 31. Nd8 cxd5 32. Nxb7 Nc4 1/2-1/2

[Event "3º Open de Lisboa "]
[Site "Altis Park Hotel - Rua Eng.º A"]
[Date "2015.08.10"]
[Round "4.29"]
[White "ALVES, Luis Miguel Guerreir"]
[Black "BÁRTOLO, Diogo"]
[Result "1-0"]
[WhiteElo "1761"]
[BlackElo "1355"]
[PlyCount "103"]
[EventDate "2015.08.08"]

1. Nf3 Nc6 2. c4 e5 3. Nc3 Nf6 4. g3 d5 5. cxd5 Nxd5 6. Bg2 Nxc3 7. bxc3 e4 8.
Ng1 Bc5 9. Bxe4 Qf6 10. Nf3 Bh3 11. Rg1 Ne5 12. d4 Nxf3+ 13. Bxf3 O-O-O 14. e3
Rhe8 15. Bg4+ Bxg4 16. Qxg4+ Kb8 17. Kf1 Bd6 18. Kg2 g6 19. Qf3 Qg7 20. Rb1 b6
21. a4 a5 22. e4 f6 23. Bd2 Qe7 24. Rge1 Rf8 25. Bh6 Rf7 26. Bd2 g5 27. Rb5 Rh8
28. Reb1 Ka7 29. Rf5 Rg8 30. e5 g4 31. Qd5 Ba3 32. Rxf6 Rgf8 33. Rxf7 Rxf7 34.
Bg5 Qf8 35. Bf6 Be7 36. Bxe7 Rxe7 37. Qe4 h5 38. Re1 Rf7 39. Re2 Rf3 40. Qc6
Kb8 41. Rd2 Qe7 42. Qg6 Qd7 43. d5 Qxa4 44. e6 Rf8 45. e7 Re8 46. Qe6 Qa3 47.
d6 Qxc3 48. d7 Qf3+ 49. Kg1 Rh8 50. d8=Q+ Rxd8 51. exd8=Q+ Ka7 52. Qxc7+ 1-0

[Event "3º Open de Lisboa "]
[Site "Altis Park Hotel - Rua Eng.º A"]
[Date "2015.08.10"]
[Round "4.30"]
[White "GUIA, Artur Solovyov Eloy "]
[Black "NOGUEIRA, Diana Sofia Cunha"]
[Result "0-1"]
[WhiteElo "1265"]
[BlackElo "1691"]
[PlyCount "90"]
[EventDate "2015.08.08"]

1. e4 c5 2. Nf3 d6 3. d4 cxd4 4. Nxd4 Nf6 5. Nc3 a6 6. Bc4 e6 7. O-O Be7 8. Re1
Nbd7 9. Bg5 Nxe4 10. Bxe7 Nxc3 11. Qd3 Qxe7 12. Qxc3 O-O 13. Rad1 b5 14. Bd3
Nf6 15. Be2 Bb7 16. Qg3 Rac8 17. Bd3 Qc7 18. c3 Rfd8 19. h3 Qc5 20. a3 Bd5 21.
Rc1 g6 22. Qg5 Kg7 23. Rc2 Bc4 24. Qxc5 Rxc5 25. Bxc4 bxc4 26. Rd2 Rb8 27. Rb1
Nd7 28. Nf3 d5 29. b4 cxb3 30. Nd4 Rxc3 31. Rdb2 Nc5 32. Kf1 Rb6 33. Ke2 Kf6
34. Kd2 Rd3+ 35. Kc1 Rxd4 36. Rd2 Rc4+ 37. Kd1 Na4 38. Ke2 Rc2 39. Rxc2 bxc2
40. Rc1 Rb1 41. Rxb1 cxb1=Q 42. Kd2 Qb2+ 43. Ke3 d4+ 44. Kd3 Nc5+ 45. Kc4 Qc3#
0-1

[Event "3º Open de Lisboa "]
[Site "Altis Park Hotel - Rua Eng.º A"]
[Date "2015.08.10"]
[Round "4.31"]
[White "MARTINS, José Carlos Caetano"]
[Black "ROMANO, João Manuel Pereira "]
[Result "0-1"]
[WhiteElo "1097"]
[BlackElo "1775"]
[PlyCount "100"]
[EventDate "2015.08.08"]

1. e4 c5 2. Nf3 d6 3. d4 cxd4 4. Nxd4 Nf6 5. Nc3 a6 6. Bc4 e6 7. Bg5 Be7 8. Qd3
O-O 9. O-O Nc6 10. Rad1 Ne5 11. Qe2 Nxe4 12. Bxe7 Nxc3 13. bxc3 Qxe7 14. Bd3
Nxd3 15. cxd3 b5 16. Rfe1 Bb7 17. Qb2 Qg5 18. g3 Qd5 19. Kf1 e5 20. Nb3 Qg2+
21. Ke2 Bf3+ 22. Kd2 Qxf2+ 23. Kc1 Qxb2+ 24. Kxb2 Bxd1 25. Rxd1 f5 26. Re1 f4
27. gxf4 exf4 28. Nd4 f3 29. Rf1 f2 30. Kc2 Rae8 31. Kd2 g5 32. Ne2 Kg7 33. Ng3
d5 34. Nh1 Rf4 35. Rxf2 Ra4 36. Kd1 Ra3 37. Rc2 Rc8 38. Kd2 d4 39. c4 bxc4 40.
dxc4 Rf3 41. Ke2 d3+ 42. Kxf3 dxc2 43. Ng3 c1=Q 44. Nf5+ Kf6 45. Nh6 Qf1+ 46.
Ke3 Qf4+ 47. Ke2 Qxc4+ 48. Ke1 Qe4+ 49. Kd2 Rc2+ 50. Kd1 Qe2# 0-1

[Event "3º Open de Lisboa "]
[Site "Altis Park Hotel - Rua Eng.º A"]
[Date "2015.08.10"]
[Round "4.32"]
[White "MACHADO, Tomás Dias"]
[Black "MARTINS, Domingos António Mel"]
[Result "1-0"]
[WhiteElo "1427"]
[BlackElo "1291"]
[PlyCount "103"]
[EventDate "2015.08.08"]

1. e4 e5 2. Nf3 d6 3. c3 Bg4 4. d4 exd4 5. cxd4 g6 6. Be3 Bg7 7. Be2 Bxf3 8.
Bxf3 c5 9. Qd3 Nc6 10. O-O cxd4 11. Bf4 Nge7 12. Nd2 O-O 13. Nc4 Nb4 14. Qb3 a5
15. a3 b5 16. axb4 bxc4 17. Qxc4 axb4 18. Rxa8 Qxa8 19. e5 d5 20. Qxd4 Qa5 21.
Rc1 Rd8 22. Bg5 Nf5 23. Bxd8 Qxd8 24. Qxd5 Qb8 25. Qa8 Qxa8 26. Bxa8 Bxe5 27.
b3 Kg7 28. Kf1 Bc3 29. Bd5 Nd4 30. Bc4 Nc6 31. Ke2 Ne5 32. Rd1 f5 33. f4 Ng4
34. h3 Nf6 35. Rc1 h5 36. Rxc3 bxc3 37. Kd3 Ne4 38. Bd5 c2 39. Kxc2 Nf6 40. Bc4
h4 41. b4 Nh5 42. b5 Nxf4 43. b6 Nxg2 44. b7 Ne3+ 45. Kb3 Nxc4 46. Kxc4 Kh6 47.
b8=Q Kg5 48. Qe5 Kh5 49. Qf6 g5 50. Qxf5 Kh6 51. Kd4 g4 52. Qxg4 1-0

[Event "3º Open de Lisboa "]
[Site "Altis Park Hotel - Rua Eng.º A"]
[Date "2015.08.10"]
[Round "4.33"]
[White "MESQUITA, Rui Duarte Jorge Lob"]
[Black "MARTINS, Abílio Morgado"]
[Result "1-0"]
[WhiteElo "1561"]
[BlackElo "1524"]
[PlyCount "155"]
[EventDate "2015.08.08"]

1. d4 d5 2. c4 e6 3. Nc3 Nf6 4. Nf3 b6 5. a3 Bb7 6. e3 Be7 7. b4 Nbd7 8. Bb2
O-O 9. Rc1 dxc4 10. Bxc4 a6 11. O-O b5 12. Bb3 Nb6 13. Ne1 Qd7 14. Nd3 Bd6 15.
Re1 Bd5 16. e4 Bxb3 17. Qxb3 Be7 18. e5 Nfd5 19. Ne4 Nc4 20. Ba1 Ncb6 21. Rc2
Rfc8 22. Rec1 h6 23. Rc6 Nc4 24. R6xc4 bxc4 25. Rxc4 Nb6 26. Rc2 Qd5 27. Qxd5
Nxd5 28. Bc3 Nb6 29. Bd2 Ra7 30. f4 c6 31. Ndc5 Rd8 32. Be3 Nd5 33. Bd2 Rb8 34.
g3 g6 35. Nc3 Nxc3 36. Rxc3 a5 37. Rc2 axb4 38. Bxb4 Rd8 39. Rd2 g5 40. Kf2 g4
41. Ke3 Kg7 42. Ke4 Kg6 43. Rf2 Bxc5 44. Bxc5 Ra4 45. f5+ exf5+ 46. Rxf5 Ra6
47. Rf6+ Kg7 48. Rf4 h5 49. Rf5 Rh8 50. Be7 Rh7 51. Rg5+ Kh6 52. Kf5 Ra8 53. a4
Rg7 54. a5 Rxg5+ 55. Bxg5+ Kg7 56. Bd2 Rd8 57. Bc3 Ra8 58. Kg5 Rg8 59. Bb4 Rb8
60. Bc5 Rb2 61. Kxh5 Rxh2+ 62. Kxg4 Kg6 63. a6 Rg2 64. a7 Ra2 65. Kf4 Ra4 66.
g4 Ra1 67. Ke3 Kg5 68. Ke4 Kxg4 69. e6 fxe6 70. Ke5 Kf3 71. Kxe6 Ke4 72. Kd7
Kd5 73. Kc7 Ra2 74. Kb7 Ra1 75. a8=Q Rxa8 76. Kxa8 Ke6 77. Kb7 Kd7 78. Kb6 1-0

[Event "3º Open de Lisboa "]
[Site "Altis Park Hotel - Rua Eng.º A"]
[Date "2015.08.10"]
[Round "4.34"]
[White "LAGES, Duarte Jorge Silva"]
[Black "ABREU, Paulo Alexandré Madu"]
[Result "0-1"]
[WhiteElo "1725"]
[BlackElo "1322"]
[PlyCount "80"]
[EventDate "2015.08.08"]

1. d4 e6 2. c4 Nf6 3. Nf3 Be7 4. Bg5 Ne4 5. Bxe7 Qxe7 6. Qc2 Nf6 7. e4 d6 8.
Bd3 O-O 9. e5 dxe5 10. dxe5 Ng4 11. Bxh7+ Kh8 12. h3 Nh6 13. O-O g6 14. Bxg6
fxg6 15. Qxg6 Qg7 16. Nh4 Kg8 17. Nc3 Qxg6 18. Nxg6 Rf7 19. Rad1 Nc6 20. f4 Bd7
21. Ne4 Kg7 22. Nh4 Rd8 23. Ng5 Rff8 24. Rxd7+ Rxd7 25. Nxe6+ Kf7 26. Nxf8 Kxf8
27. g4 Rd2 28. g5 Nf7 29. e6 Nd6 30. Ng6+ Kg7 31. Nh4 Nd4 32. f5 Ne2+ 33. Kf2
Nxc4 34. f6+ Kh8 35. Nf5 Nd4+ 36. Ke1 Re2+ 37. Kd1 Rd2+ 38. Kc1 Ne2+ 39. Kb1
Rxb2+ 40. Ka1 Nc3 0-1

[Event "3º Open de Lisboa "]
[Site "Altis Park Hotel - Rua Eng.º A"]
[Date "2015.08.11"]
[Round "5.1"]
[White "GUERRA, Vitor Manuel Véstia"]
[Black "ROCHA, Sérgio Manuel Colaço"]
[Result "0-1"]
[WhiteElo "2119"]
[BlackElo "2384"]
[PlyCount "82"]
[EventDate "2015.08.08"]

1. d4 Nf6 2. c4 c5 3. d5 b5 4. f3 g6 5. e4 d6 6. cxb5 Bg7 7. a4 a6 8. Na3 O-O
9. Bc4 Nbd7 10. Ne2 Ne5 11. Be3 e6 12. O-O Nxc4 13. Nxc4 exd5 14. exd5 axb5 15.
axb5 Rxa1 16. Qxa1 Nxd5 17. Bf2 Nb6 18. Nxb6 Qxb6 19. Nc3 Be6 20. Rd1 Bb3 21.
Rd3 Bc4 22. Rd1 Bxb5 23. Nxb5 Qxb5 24. Rxd6 Bxb2 25. Qf1 Qb4 26. Qd1 Ra8 27.
Rd8+ Rxd8 28. Qxd8+ Kg7 29. Qe7 Bd4 30. Bxd4+ Qxd4+ 31. Kf1 h5 32. h3 h4 33.
Qe2 Kf6 34. Qe8 Kg7 35. Qe2 c4 36. Qc2 Kf6 37. Ke2 Ke5 38. Qc1 f6 39. Qb1 Kf4
40. g3+ hxg3 41. Qc1+ Ke5 0-1

[Event "3º Open de Lisboa "]
[Site "Altis Park Hotel - Rua Eng.º A"]
[Date "2015.08.11"]
[Round "5.2"]
[White "GUERREIRO, Nuno Ricardo De Jes"]
[Black "FERREIRA, Luis Pedro Oliveira"]
[Result "0-1"]
[WhiteElo "2106"]
[BlackElo "2218"]
[PlyCount "128"]
[EventDate "2015.08.08"]

1. e4 e6 2. Qe2 e5 3. Nf3 Nc6 4. g3 Bc5 5. Bg2 d6 6. O-O Bg4 7. Qb5 Bb6 8. h3
Bd7 9. Qe2 Nge7 10. Na3 O-O 11. c3 h6 12. Nc4 f5 13. d3 Be6 14. a4 fxe4 15.
dxe4 Qe8 16. a5 Qf7 17. Nfd2 Bc5 18. b4 b5 19. Na3 Nxb4 20. cxb4 Bd4 21. Rb1 a6
22. Nf3 Bxh3 23. Nxd4 Bxg2 24. Kxg2 exd4 25. Bb2 c5 26. Nc2 Nc6 27. Rfd1 Ne5
28. Nxd4 cxd4 29. Rxd4 Nc4 30. Rbd1 Rae8 31. f4 Re7 32. Bc3 Qg6 33. Kh2 h5 34.
Rf1 Rfe8 35. Re1 Qh6 36. Kg2 h4 37. Qg4 hxg3 38. Kxg3 Kf7 39. Rd5 Re6 40. Rf5+
Kg8 41. Rg5 R8e7 42. f5 Ne5 43. Bxe5 Rxe5 44. Qf4 d5 45. Re2 Rxe4 46. Rxe4 Rxe4
47. Qb8+ Kh7 48. Rg4 Qe3+ 49. Kh4 Qe1+ 50. Kg5 Qd2+ 51. Kh4 Qxb4 52. Rxe4 Qxe4+
53. Kg5 Qe7+ 54. Kg4 Qe2+ 55. Kg5 d4 56. Qd6 d3 57. Qd5 d2 58. Qh1+ Kg8 59.
Qa8+ Kf7 60. Qd5+ Ke8 61. Qc6+ Kf8 62. Qc8+ Kf7 63. f6 gxf6+ 64. Kf4 Qe5+ 0-1

[Event "3º Open de Lisboa "]
[Site "Altis Park Hotel - Rua Eng.º A"]
[Date "2015.08.11"]
[Round "5.3"]
[White "VIELA, André Filipe Folha"]
[Black "MONTGOMERY, Jan Elkjaer Frants"]
[Result "0-1"]
[WhiteElo "2186"]
[BlackElo "2082"]
[PlyCount "129"]
[EventDate "2015.08.08"]

1. c4 e6 2. g3 d5 3. Bg2 Nf6 4. Nf3 Nbd7 5. O-O c6 6. b3 Be7 7. d4 O-O 8. Bb2
b6 9. Nc3 Bb7 10. Nd2 c5 11. dxc5 Nxc5 12. b4 d4 13. Nb5 Bxg2 14. Kxg2 Nb7 15.
Qb3 e5 16. Nf3 a6 17. Na3 Bd6 18. Nc2 Qe7 19. a3 Rfe8 20. e3 d3 21. Nce1 a5 22.
Rd1 axb4 23. axb4 Ng4 24. e4 Bxb4 25. Nxd3 Bc5 26. h3 Na5 27. Qc2 Nh6 28. Bxe5
f6 29. Nxc5 bxc5 30. Bd6 Qxe4 31. Qxe4 Rxe4 32. Ra1 Ree8 33. Ra4 Nb7 34. Rxa8
Rxa8 35. Bf4 g5 36. Bd2 Nd6 37. g4 Nxc4 38. Rc1 Ra4 39. Bc3 Kf7 40. Rd1 Ra3 41.
Be1 Ke6 42. Rd8 Nd6 43. Bd2 Nhf7 44. Rb8 Kd5 45. Be3 h6 46. Rb1 c4 47. Rd1+ Rd3
48. Ra1 Nb5 49. Ra5 Nfd6 50. Nd4 Rxd4 51. Bxd4 Kxd4 52. f4 c3 53. fxg5 hxg5 54.
h4 gxh4 55. Kh3 c2 56. Ra1 Nc3 57. Rc1 Kd3 58. Kxh4 Nde4 59. Kh5 Kd2 60. Rxc2+
Kxc2 61. Kg6 Nd5 62. Kf5 Kd3 63. Ke6 Ne3 64. g5 fxg5 65. Ke5 0-1

[Event "3º Open de Lisboa "]
[Site "Altis Park Hotel - Rua Eng.º A"]
[Date "2015.08.11"]
[Round "5.4"]
[White "SANTOS, José Luis Machado Al"]
[Black "FIDALGO, André Neves"]
[Result "0-1"]
[WhiteElo "2205"]
[BlackElo "2058"]
[PlyCount "109"]
[EventDate "2015.08.08"]

1. e4 c5 2. f4 g6 3. Nf3 Bg7 4. d3 d6 5. c3 Nf6 6. h3 Nc6 7. g4 Rb8 8. Bg2 Qc7
9. O-O b5 10. Qe2 O-O 11. Nbd2 Nd7 12. h4 Nf6 13. Nh2 h5 14. g5 Ng4 15. Ndf3 b4
16. c4 Nd4 17. Nxd4 Bxd4+ 18. Kh1 Nxh2 19. Kxh2 Bg4 20. Bf3 Bxf3 21. Rxf3 a5
22. Be3 Bg7 23. Raf1 e6 24. f5 exf5 25. exf5 Be5+ 26. Kh1 Qb7 27. Qg2 Qa8 28.
b3 Kg7 29. Kg1 Rbe8 30. Qf2 Qc8 31. d4 cxd4 32. Bxd4 f6 33. gxf6+ Rxf6 34. Bxe5
Rxe5 35. fxg6 Qg4+ 36. Qg2 Rxf3 37. Rxf3 Qd4+ 38. Qf2 Re1+ 39. Kg2 Qxf2+ 40.
Rxf2 Kxg6 41. Rd2 Kf7 42. Kg3 Rg1+ 43. Kf3 Ke6 44. Rd5 Rf1+ 45. Ke4 Rh1 46.
Rxh5 Rh2 47. c5 dxc5 48. Rh6+ Kd7 49. Kd5 Rxa2 50. Rh7+ Ke8 51. h5 Rb2 52. Kc4
Rc2+ 53. Kb5 Rc3 54. Ka4 c4 55. Kb5 0-1

[Event "3º Open de Lisboa "]
[Site "Altis Park Hotel - Rua Eng.º A"]
[Date "2015.08.11"]
[Round "5.5"]
[White "DUANY, Lelys Stanley Martin"]
[Black "NEGRÃO, Alberto Rodolfo A S "]
[Result "1-0"]
[WhiteElo "2450"]
[BlackElo "1927"]
[PlyCount "67"]
[EventDate "2015.08.08"]

1. e4 e6 2. d4 d5 3. Nc3 Nf6 4. e5 Nfd7 5. f4 c5 6. Nf3 Nc6 7. Be3 cxd4 8. Nxd4
Nxd4 9. Bxd4 Bc5 10. Bxc5 Nxc5 11. Qd4 b6 12. O-O-O Bd7 13. Kb1 Bc6 14. Bd3 f5
15. Ne2 Rc8 16. Rhg1 g6 17. Qe3 Qe7 18. Nd4 Kd8 19. c4 Kc7 20. Nxc6 Kxc6 21.
cxd5+ exd5 22. Be2 Rhd8 23. g4 Kb7 24. gxf5 gxf5 25. Rg5 Ne4 26. Rxf5 Qb4 27.
a3 Rc3 28. Rf7+ Kb8 29. axb4 Rxe3 30. Ba6 d4 31. Rc1 Nc3+ 32. bxc3 dxc3 33.
Rb7+ Ka8 34. Rc7 1-0

[Event "3º Open de Lisboa "]
[Site "Altis Park Hotel - Rua Eng.º A"]
[Date "2015.08.11"]
[Round "5.6"]
[White "LEÃO, Tiago Miguel Da Silv"]
[Black "SILVA, Miguel A Neto Pires"]
[Result "1/2-1/2"]
[WhiteElo "1969"]
[BlackElo "2174"]
[PlyCount "132"]
[EventDate "2015.08.08"]

1. e4 g6 2. Nc3 Bg7 3. Bc4 c5 4. f4 Nc6 5. Nf3 d6 6. O-O a6 7. d3 Nd4 8. Nxd4
cxd4 9. Ne2 Nf6 10. Bb3 O-O 11. h3 Qb6 12. Qe1 Nxe4 13. dxe4 d3+ 14. Qf2 Qxf2+
15. Kxf2 dxe2 16. Kxe2 Bd7 17. Kf3 Rfc8 18. c3 b5 19. Be3 a5 20. Rac1 Bc6 21.
Rfd1 Rab8 22. Bd4 Bf8 23. g4 e6 24. Bc2 d5 25. exd5 Bxd5+ 26. Be4 Bxe4+ 27.
Kxe4 Rc4 28. b3 Rcc8 29. Be5 Rb7 30. Rd3 Bg7 31. Rcd1 Bxe5 32. Rd8+ Rxd8 33.
Rxd8+ Kg7 34. Kxe5 Rc7 35. Kd4 a4 36. c4 axb3 37. axb3 bxc4 38. bxc4 Kf6 39. c5
Ke7 40. Rh8 Ra7 41. g5 Ra4+ 42. Ke5 Rc4 43. Rxh7 Rxc5+ 44. Ke4 Rc3 45. Rh8 Rc1
46. Kf3 Rf1+ 47. Kg3 e5 48. fxe5 Rf5 49. h4 Rxe5 50. Ra8 Rb5 51. Ra7+ Ke6 52.
Ra6+ Ke7 53. Rf6 Rb3+ 54. Kg4 Rb4+ 55. Kg3 Ra4 56. Kh3 Re4 57. Kg3 Re6 58.
Rxe6+ fxe6 59. Kg4 e5 60. h5 gxh5+ 61. Kxh5 e4 62. Kg4 Ke6 63. Kf4 e3 64. Kxe3
Ke5 65. g6 Kf6 66. Ke4 Kxg6 1/2-1/2